• 首页
  • 本馆介绍
  • 公告通知
  • 最新文献
  • 馆藏检索
  • 电子资源
  • 读者导购
  • 参考咨询
  • 我的图书馆
  • 登录
  • 详细信息显示
  • 放入我的书架
  • 预约/预借图书
  • 作者相关作品
  • 分类相关作品
  • 丛书相关作品
  • 出版社相关作品

书目信息

  • 表格格式
  • 工作单格式
  • 卡片格式
题名:
牛病毒性腹泻—黏膜病防控
    
 
作者: 朱战波 , 周玉龙 , 刘宇 著
分册:  
出版信息: 哈尔滨   黑龙江科学技术出版社  2022.08
页数: 225页
开本: 26cm
丛书名:
单 册:
中图分类: S858.23
科图分类:
主题词: 牛病--niu bing--病毒病--腹泻--防治 , 牛病--niu bing--粘膜疾病--防治
电子资源:
ISBN: 978-7-5719-1543-8
000 01172nam0 2200289 450
001 CAL 012022044777
005 20230217093112.0
010    @a978-7-5719-1543-8@dCNY89.00
100    @a20221101d2022 em y0chiy0120 ea
101 0  @achi
102    @aCN@b230000
105    @aa a 000yy
106    @ar
200 1  @a牛病毒性腹泻—黏膜病防控@Aniu bing du xing fu xie — nian mo bing fang kong@f朱战波, 周玉龙, 刘宇著
210    @a哈尔滨@c黑龙江科学技术出版社@d2022.08
215    @a225页@c图@d26cm
314    @a朱战波, 黑龙江八一农垦大学教授, 博士生导师。周玉龙, 黑龙江八一农垦大学副教授, 硕士生导师。刘宇, 黑龙江八一农垦大学副教授, 硕士生导师。
320    @a有书目
330    @a本书共10章: 概述、病因学、流行病学、发病机制、临床症状、病理学、免疫学实验室诊断、鉴别诊断、预防与控制。主要内容包括: 病原特性 ; 基因型 ; 生物型 ; 基因组 ; BVDV基因组的遗传变化机制等。
606 0  @a牛病@Aniu bing@x病毒病@x腹泻@x防治
606 0  @a牛病@Aniu bing@x粘膜疾病@x防治
690    @aS858.23@v5
701  0 @a朱战波@Azhu zhan bo@4著
701  0 @a周玉龙@Azhou yu long@4著
701  0 @a刘宇@Aliu yu@4著
801  0 @aCN@bBJXHZP@c20230228
905    @b1386072-5@dS858.23@e226@f4
    
    牛病毒性腹泻—黏膜病防控/朱战波, 周玉龙, 刘宇著.-哈尔滨:黑龙江科学技术出版社,2022.08
    225页:图;26cm
    
    
    ISBN 978-7-5719-1543-8:CNY89.00
    本书共10章: 概述、病因学、流行病学、发病机制、临床症状、病理学、免疫学实验室诊断、鉴别诊断、预防与控制。主要内容包括: 病原特性 ; 基因型 ; 生物型 ; 基因组 ; BVDV基因组的遗传变化机制等。
●
相关链接 在E读中查询图书 在五车中查询图书 在当当中查询图书 在豆瓣中查询图书


正题名:牛病毒性腹泻—黏膜病防控     索取号:S858.23/226         预约/预借

序号 登录号 条形码 馆藏地/架位号 状态 备注
1 1386072   213860721   第二样本阅览室/ [索取号:S858.23/226] 在馆    
2 1386073   213860730   第三借阅区/ [索取号:S858.23/226] 在馆    
3 1386074   213860749   第三借阅区/ [索取号:S858.23/226] 在馆    
4 1386075   213860758   第三借阅区/ [索取号:S858.23/226] 在馆    
唐山师范学院图书馆 欢迎您!
大连网信软件有限公司© 版权所有